On the analysis of some antipsychiatric drugs / (رقم التسجيلة. 66510)

تفاصيل مارك
000 -LEADER
fixed length control field 011240000a22003130004500
003 - CONTROL NUMBER IDENTIFIER
control field EG-GICUC
005 - DATE AND TIME OF LATEST TRANSACTION
control field 20250223032015.0
008 - FIXED-LENGTH DATA ELEMENTS--GENERAL INFORMATION
fixed length control field 070307s2002 ua e f m 000 0 eng d
040 ## - CATALOGING SOURCE
Original cataloging agency EG-GICUC
Language of cataloging eng
Transcribing agency EG-GICUC
041 0# - LANGUAGE CODE
Language code of text/sound track or separate title Eng
049 ## - LOCAL HOLDINGS (OCLC)
Holding library Deposite
097 ## - Thesis Degree
Thesis Level M.Sc
099 ## - LOCAL FREE-TEXT CALL NUMBER (OCLC)
Classification number Cai01.08.03.M.Sc.2002.Ne.O
100 0# - MAIN ENTRY--PERSONAL NAME
Personal name Nehal Fayek Farid
245 10 - TITLE STATEMENT
Title On the analysis of some antipsychiatric drugs /
Statement of responsibility, etc. Nehal Fayek Farid ; Supervised Badr Eldean Elzeany , Azza Aziz Moustafa
246 15 - VARYING FORM OF TITLE
Title proper/short title دراسة تحليلية للمركبات المستخدمة لعلاج الامراض النفسية
260 ## - PUBLICATION, DISTRIBUTION, ETC.
Place of publication, distribution, etc. Cairo :
Name of publisher, distributor, etc. Nehal Fayek Farid ,
Date of publication, distribution, etc. 2002
300 ## - PHYSICAL DESCRIPTION
Extent 172P :
Other physical details plans ;
Dimensions 30cm
502 ## - DISSERTATION NOTE
Dissertation note Thesis (M.Sc.) - Cairo University - Faculty Of Pharmacy - Department Of Analytical Chemistry
530 ## - ADDITIONAL PHYSICAL FORM AVAILABLE NOTE
Additional physical form available note Issued also as CD
653 #4 - INDEX TERM--UNCONTROLLED
Uncontrolled term Antipsychiatric
653 #4 - INDEX TERM--UNCONTROLLED
Uncontrolled term Drugs
700 0# - ADDED ENTRY--PERSONAL NAME
Personal name Azza Aziz Moustafa ,
Relator term
700 0# - ADDED ENTRY--PERSONAL NAME
Personal name Badr Eldean Elzeany ,
Relator term
856 ## - ELECTRONIC LOCATION AND ACCESS
Uniform Resource Identifier <a href="http://172.23.153.220/th.pdf">http://172.23.153.220/th.pdf</a>
905 ## - LOCAL DATA ELEMENT E, LDE (RLIN)
Cataloger Mustafa
Reviser Revisor
905 ## - LOCAL DATA ELEMENT E, LDE (RLIN)
Cataloger Samia
Reviser Cataloger
942 ## - ADDED ENTRY ELEMENTS (KOHA)
Source of classification or shelving scheme Dewey Decimal Classification
Koha item type Thesis
المقتنيات
Source of classification or shelving scheme Not for loan Home library Current library Date acquired Full call number Barcode Date last seen Koha item type
Dewey Decimal Classification   المكتبة المركزبة الجديدة - جامعة القاهرة قاعة الرسائل الجامعية - الدور الاول 11.02.2024 Cai01.08.03.M.Sc.2002.Ne.O 01010110040216000 22.09.2023 Thesis
Dewey Decimal Classification   المكتبة المركزبة الجديدة - جامعة القاهرة مخـــزن الرســائل الجـــامعية - البدروم 11.02.2024 Cai01.08.03.M.Sc.2002.Ne.O 01020110040216000 22.09.2023 CD - Rom
Cairo University Libraries Portal Implemented & Customized by: Eng. M. Mohamady Contacts: new-lib@cl.cu.edu.eg | cnul@cl.cu.edu.eg
CUCL logo CNUL logo
© All rights reserved — Cairo University Libraries
CUCL logo
Implemented & Customized by: Eng. M. Mohamady Contact: new-lib@cl.cu.edu.eg © All rights reserved — New Central Library
CNUL logo
Implemented & Customized by: Eng. M. Mohamady Contact: cnul@cl.cu.edu.eg © All rights reserved — Cairo National University Library